Normal view
MARC view
- Hegarty, Edward J
Entry Personal Name
001 - CONTROL NUMBER
- control field: 36255
003 - CONTROL NUMBER IDENTIFIER
- control field: NUST
005 - DATE AND TIME OF LATEST TRANSACTION
- control field: 20210312163948.0
008 - FIXED-LENGTH DATA ELEMENTS
- fixed length control field: 210312|| aca||aabn | a|a d
040 ## - CATALOGING SOURCE
- Original cataloging agency: NUST
- Transcribing agency: NUST
100 ## - HEADING--PERSONAL NAME
- Personal name: Hegarty, Edward J
670 ## - SOURCE DATA FOUND
- Source citation: Work cat.: (NUST): Hegarty, Edward J., How to run better meetings , 1981, c1957.
